00853nam a22002177a 4500003000500000005001700005008004100022010001100063011001100074035001100085040000900096100002900105245014200134260004000276500006000316502009900376650003100475650003700506650002800543856006400571CHAP20220329143919.0160812s2012 mx r 00010 spa d a103658 a104630 a115320 cCHAP1 aPérez Torres, Josué.10aDiseño de un equipo para determinar la conductividad eléctrica del suelo de forma continuah[En línea]c/por Josué Pérez Torres aChapingo, Méx. :bEl autor,c2012 aPara ver el contenido del material haga clic en la liga aTesis (Ing. Mecánico Agrícola) -- UACH. Departamento de Ingeniería Mecánica Agrícola04aConductividad eléctrica.04aMaquinaria agrícolaxDiseño.04aMaquinaria eléctrica. 3Finding aiduhttp://10.13.5.2/tesis/115320.pdfzTeclea aqui